000 00468nam a2200181Ia 4500
008 100917s9999 xx 000 0 und d
082 _b6062
100 _aसाठे शं. गो.
245 _aससा आणि कासव
260 _b---
_c1961
300 _a107
365 _b2.5
520 _aनाटक
630 _aससा आणि कासव
650 _aनाटक
730 _aससा आणि कासव
942 _cBOOK
999 _c611456
_d611453